Eastern Utah Libraries Catalog: Duchesne, Heber, Roosevelt, & Vernal

When fall comes : (Record no. 389800)

MARC details
000 -LEADER
fixed length control field 03260pam a2200613 i 4500
001 - CONTROL NUMBER
control field 3405649
005 - DATE AND TIME OF LATEST TRANSACTION
control field 20231108133148.0
008 - FIXED-LENGTH DATA ELEMENTS--GENERAL INFORMATION
fixed length control field 221209s2023 waua b 000 0 eng
010 ## - LIBRARY OF CONGRESS CONTROL NUMBER
LC control number 2022052018
020 ## - INTERNATIONAL STANDARD BOOK NUMBER
International Standard Book Number 9781632174529
Qualifying information (hardcover) :
Terms of availability $17.99
020 ## - INTERNATIONAL STANDARD BOOK NUMBER
International Standard Book Number 1632174529 :
Terms of availability $17.99
035 ## - SYSTEM CONTROL NUMBER
System control number (OCoLC)1350574291
035 ## - SYSTEM CONTROL NUMBER
System control number (OCoLC)on1350574291
040 ## - CATALOGING SOURCE
Original cataloging agency DLC
Language of cataloging eng
Description conventions rda
Transcribing agency DLC
042 ## - AUTHENTICATION CODE
Authentication code pcc
050 00 - LIBRARY OF CONGRESS CALL NUMBER
Classification number QB637.7
Item number .B57 2023
082 00 - DEWEY DECIMAL CLASSIFICATION NUMBER
Classification number 508.2
Edition number 23
092 ## - LOCALLY ASSIGNED DEWEY CALL NUMBER (OCLC)
Classification number E
999 ## - SYSTEM CONTROL NUMBERS (KOHA)
Koha Dewey Subclass [OBSOLETE] E
100 1# - MAIN ENTRY--PERSONAL NAME
Personal name Bissonette, Aimée M.,
Relator term author.
9 (RLIN) 6383087
245 10 - TITLE STATEMENT
Title When fall comes :
Remainder of title connecting with nature as the days grow shorter /
Statement of responsibility, etc Aimée M. Bissonette ; illustrated by Erin Hourigan.
264 #1 - Production, Publication, Distribution, Manufacture, and Copyright Notice.
Place of production, publication, distribution, manufacture Seattle, WA :
Name of producer, publisher, distributor, manufacturer Little Bigfoot, an imprint of Sasquatch Books,
Date of production, publication, distribution, manufacture, or copyr [2023]
300 ## - PHYSICAL DESCRIPTION
Extent 1 volume (unpaged) :
Other physical details color illustrations ;
Dimensions 21 x 27 cm
336 ## - Content Type
Content type term text
337 ## - Media type
Media type term unmediated
338 ## - Carrier type
Carrier type term volume
520 ## - SUMMARY, ETC.
Summary, etc "This next book in the Seasons series is a poetic children's book about life in fall, following a family who explores the outdoors and enjoys outdoor activities, such as mushroom hunting, collecting driftwood, picking apples, and getting their home and yard ready for winter months. This story focuses on wildlife in Fall and the joy of being outdoors during the Fall months"--
521 ## - TARGET AUDIENCE NOTE
Target audience note Ages 4-8
Source Little Bigfoot
521 ## - TARGET AUDIENCE NOTE
Target audience note Grades K-1
Source Little Bigfoot
521 1# - TARGET AUDIENCE NOTE
Target audience note 3-8
Source Brodart.
521 2# - TARGET AUDIENCE NOTE
Target audience note P-3
Source Brodart.
650 #0 - SUBJECT ADDED ENTRY--TOPICAL TERM
Topical term or geographic name as entry element Autumn
Form subdivision Juvenile literature.
9 (RLIN) 5737206
650 #0 - SUBJECT ADDED ENTRY--TOPICAL TERM
Topical term or geographic name as entry element Animals
Form subdivision Juvenile literature.
9 (RLIN) 5675176
650 #0 - SUBJECT ADDED ENTRY--TOPICAL TERM
Topical term or geographic name as entry element Nature
Form subdivision Juvenile literature.
9 (RLIN) 5723805
650 #1 - SUBJECT ADDED ENTRY--TOPICAL TERM
Topical term or geographic name as entry element Autumn.
650 #1 - SUBJECT ADDED ENTRY--TOPICAL TERM
Topical term or geographic name as entry element Animals.
650 #1 - SUBJECT ADDED ENTRY--TOPICAL TERM
Topical term or geographic name as entry element Nature.
650 #7 - SUBJECT ADDED ENTRY--TOPICAL TERM
Topical term or geographic name as entry element JUVENILE FICTION / Concepts / Seasons.
Source of heading or term bisacsh
9 (RLIN) 5715697
650 #7 - SUBJECT ADDED ENTRY--TOPICAL TERM
Topical term or geographic name as entry element JUVENILE FICTION / Animals.
Source of heading or term bisacsh
9 (RLIN) 5719632
650 #7 - SUBJECT ADDED ENTRY--TOPICAL TERM
Topical term or geographic name as entry element JUVENILE FICTION / Family / Parents.
Source of heading or term bisacsh
9 (RLIN) 5675880
700 1# - ADDED ENTRY--PERSONAL NAME
Personal name Hourigan, Erin,
Relator term illustrator.
9 (RLIN) 6383089
910 ## - USER-OPTION DATA (OCLC)
User-option data BRO
942 ## - ADDED ENTRY ELEMENTS (KOHA)
Source of classification or shelving scheme Dewey Decimal Classification
Koha item type BOOK
948 ## - LOCAL PROCESSING INFORMATION (OCLC); SERIES PART DESIGNATOR (RLIN)
Series part designator, SPT (RLIN) BAR
b (OCLC) CHILDREN'S
p (OCLC) X132771254
k (OCLC) J
h (OCLC) E
f (OCLC) 1
r (OCLC) 2
g (OCLC) 1
7 (OCLC) 0
u (OCLC) 3
w (OCLC) 11
s (OCLC) 0
o (OCLC) BAR
0 (OCLC) $17.99
y (OCLC) 99
c (OCLC) 94
j (OCLC) Dewey Decimal
n (OCLC) On-Order
e (OCLC) 2167651-2
9 (OCLC) Item generated Sep 1 2023 9:11AM
948 ## - LOCAL PROCESSING INFORMATION (OCLC); SERIES PART DESIGNATOR (RLIN)
Series part designator, SPT (RLIN) BNO
b (OCLC) CHILDREN'S
p (OCLC) X132770611
k (OCLC) J
h (OCLC) E
f (OCLC) 1
r (OCLC) 2
g (OCLC) 1
7 (OCLC) 0
u (OCLC) 3
w (OCLC) 11
s (OCLC) 0
o (OCLC) BNO
0 (OCLC) $17.99
y (OCLC) 99
c (OCLC) 94
j (OCLC) Dewey Decimal
n (OCLC) On-Order
e (OCLC) 2167651-5
9 (OCLC) Item generated Sep 1 2023 9:11AM
948 ## - LOCAL PROCESSING INFORMATION (OCLC); SERIES PART DESIGNATOR (RLIN)
Series part designator, SPT (RLIN) BHI
b (OCLC) CHILDREN'S
p (OCLC) X132770603
k (OCLC) J
h (OCLC) E
f (OCLC) 1
r (OCLC) 2
g (OCLC) 1
7 (OCLC) 0
u (OCLC) 3
w (OCLC) 11
s (OCLC) 0
o (OCLC) BHI
0 (OCLC) $17.99
y (OCLC) 99
c (OCLC) 94
j (OCLC) Dewey Decimal
n (OCLC) On-Order
e (OCLC) 2167651-3
9 (OCLC) Item generated Sep 1 2023 9:11AM
948 ## - LOCAL PROCESSING INFORMATION (OCLC); SERIES PART DESIGNATOR (RLIN)
Series part designator, SPT (RLIN) BAP
b (OCLC) CHILDREN'S
p (OCLC) X132771304
k (OCLC) J
h (OCLC) E
f (OCLC) 1
r (OCLC) 2
g (OCLC) 1
7 (OCLC) 0
u (OCLC) 3
w (OCLC) 11
s (OCLC) 0
o (OCLC) BAP
0 (OCLC) $17.99
y (OCLC) 99
c (OCLC) 94
j (OCLC) Dewey Decimal
n (OCLC) On-Order
e (OCLC) 2167651-1
9 (OCLC) Item generated Sep 1 2023 9:11AM
948 ## - LOCAL PROCESSING INFORMATION (OCLC); SERIES PART DESIGNATOR (RLIN)
Series part designator, SPT (RLIN) BFP
b (OCLC) CHILDREN'S
p (OCLC) X132771395
k (OCLC) J
h (OCLC) E
f (OCLC) 1
r (OCLC) 2
g (OCLC) 1
7 (OCLC) 0
u (OCLC) 3
w (OCLC) 11
s (OCLC) 0
o (OCLC) BFP
0 (OCLC) $17.99
y (OCLC) 99
c (OCLC) 94
j (OCLC) Dewey Decimal
n (OCLC) On-Order
e (OCLC) 2167651-4
9 (OCLC) Item generated Sep 1 2023 9:11AM
Holdings
Withdrawn status Lost status Source of classification or shelving scheme Damaged status Not for loan Collection code Home library Current library Shelving location Date acquired Source of acquisition Total Checkouts Total Renewals Full call number Barcode Date last seen Date checked out Cost, replacement price Price effective from Koha item type
    Dewey Decimal Classification     Children Picture Books Wasatch County Library Wasatch County Library Main Floor Childrens Area 11/09/2023 KidsReference 6 5 E Bissonette 34301002055475 10/22/2025 10/03/2025 17.99 11/09/2023 BOOK
This project was made possible through a grant from the Institute of Museum and Library Service administered by the Utah State Library Division.

Wasatch County Library

  • 465 East 1200 South, Heber City, Utah 84032
  • Phone 435-654-1511 | Fax 435-654-6456

Hours

  • Monday - Friday 9:30 AM - 8:00 PM
  • Saturday 9:30 AM - 1:30 PM
  • Closed Sundays and Holidays